| 000 | 00565 a2200205 4500 | ||
|---|---|---|---|
| 003 | Nust | ||
| 005 | 20170207153502.0 | ||
| 010 | _a27020942 | ||
| 020 | _a052300852X | ||
| 040 | _cNust | ||
| 082 | _a950.2 | ||
| 100 | _aLamb, Harold, | ||
| 245 |
_aGenghis Khan _cHarold Lamb |
||
| 260 |
_aNew York _bR.M. McBride _c1927 |
||
| 300 |
_a240 p _billu., _cmaps _e23 cm |
||
| 505 | _aThe Desert (Page-19) Cathay (Page-77) The Sword Arm Of Islam (Page-108) Afterword (Page-188) | ||
| 538 | _aAlmirah No.56 and Shelf No.1 | ||
| 600 | _aLamb, Harold, | ||
| 650 | _aGenghis Khan | ||
| 942 |
_2ddc _cBK |
||
| 999 |
_c187358 _d187358 |
||